Lepidoptera separates. (Record no. 146352)
[ view plain ]
| 000 -LEADER | |
|---|---|
| fixed length control field | 00738cam6a220021700 4500 |
| 001 - CONTROL NUMBER | |
| control field | tmp15731400 |
| 003 - CONTROL NUMBER IDENTIFIER | |
| control field | UPRA |
| 005 - DATE AND TIME OF LATEST TRANSACTION | |
| control field | 20190823101003.0 |
| 008 - FIXED-LENGTH DATA ELEMENTS--GENERAL INFORMATION | |
| fixed length control field | 951013m19441958xx eng u |
| 035 ## - SYSTEM CONTROL NUMBER | |
| System control number | (Sirsi) r56030 |
| 035 ## - SYSTEM CONTROL NUMBER | |
| System control number | (UPRA)tmp15731400 |
| 040 ## - CATALOGING SOURCE | |
| Transcribing agency | UPRA |
| 245 00 - TITLE STATEMENT | |
| Title | Lepidoptera separates. |
| 260 ## - PUBLICATION, DISTRIBUTION, ETC. | |
| Date of publication, distribution, etc. | [1944-1958] |
| 500 ## - GENERAL NOTE | |
| General note | Selection of articles from various journals concerning taxonomy of Lepidoptera, bound together. |
| 650 #0 - SUBJECT ADDED ENTRY--TOPICAL TERM | |
| Topical term or geographic name entry element | Lepidoptera. |
| Linkage | S9639.1 |
| 949 ## - LOCAL PROCESSING INFORMATION (OCLC) | |
| a | QL541 |
| v | VOL. 1 |
| w | lcc |
| i | 33729000257944 |
| m | MAIN |
| p | 2500 |
| t | BOOK |
| l | ON-SHELF |
| 949 ## - LOCAL PROCESSING INFORMATION (OCLC) | |
| a | QL541 |
| v | VOL. 2 |
| w | lcc |
| i | 33729000258009 |
| m | MAIN |
| p | 2500 |
| t | BOOK |
| l | ON-SHELF |
| 949 ## - LOCAL PROCESSING INFORMATION (OCLC) | |
| a | QL541 |
| v | VOL. 3 |
| w | lcc |
| i | 33729000258066 |
| m | MAIN |
| p | 2500 |
| t | BOOK |
| l | ON-SHELF |
No items available.